01667agaaa2200289 45000010005000000030009000050050017000140070009000310080040000400400023000800410013001031000043001161300029001592450148001882500022003362600125003583000034004835080110005175110076006275200420007035380016011235460013011396500056011527000057012087000055012657000057013203706IT-RoPAU20220918181236.0d cvaizq50131s9999||||xx ||| | || ||und|| aIT-RoPAUcIT-RoPAU aITALIANO aWenders WimgCodice regista SPICS: 499 aCIELO SOPRA BERLINO (IL) aCIELO SOPRA BERLINO (IL)cProdotto da: Windisch Ingrid Diretto da: Wenders WimpCIELO SOPRA BERLINO (IL) (Rif. Codice opera principale : 83706) aEdizione Standard aPARIGI - BERLINO ()bARGOS FILMS - ROAD MOVIES / Distribuzione: RAI TREg"1987 (1° ed.: 1989 ; Ed. Lingua Orig.: 1987)" aVHSbsonoro, col.c130 minuti a"Fotografia: Alekan Henri; Montaggio: Przygodda Peter; Musica: Knieper Jurgen; Scenografia: Ludi Heidi; " a"Ganz Bruno; Sander Otto; Falk Peter; Dommartin Solveig; Harder Teresa" aDALLA FINE DELLA SECONDA GUERRA MONDIALE DUE ANGELI DAMIEL E CASSIEL SVOLGONO LA LORO MISSIONE AGGIRANDOSI PER BERLINO E ASCOLTANDO I PENSIERI LIETI E TRISTI DELLE PERSONE CHE INCONTRANO E CHE LORO VEDONO SOLO IN BIANCO E NERO MA DAMIEL PIU' PARTECIPE DELL'ALTRO ALLE ANSIE E ALLE GIOIE DEGLI UMANI SENTE PROFONDAMENTE L'ATTTRAZIONE DELLA CITTA' E DELLA GENTE COSI' SI INNAMORA DELLA TRAPEZISTA MARION FILM A COLORI aPAL, STEREO aITALIANO aFANTASTICOeFILMS [VHS]xCodice MATERIA SPICS: 9960 aKnieper Jurgene(musica)gCodice Musica SPICS: 29532 aWenders Wim e(regista)gCodice regista SPICS: 499 aWenders Wim e(soggetto)gCodice Soggetto SPICS: 499